000 00598nam a2200241Ia 4500
003 0100
008 130303s9999 xx 000 0 und d
020 _a0534036996
040 _cARRUPELIB
050 _aBL48.S77 1985
100 _aStreng , Frederick J
245 _aUnderstanding religious life
250 _a3rd ed.
260 _aBelmont , California
260 _bWadsworth Publishing Company, Inc.
260 _C1985
300 _a276p.
300 _b 24cm.
440 _aThe Reilgious Life of Man Series
650 _aRELIGION
650 _bBible--Meditations
942 0 0 _03
999 _c23678
_d23678